|
|
|
|
| LEADER |
00000nam0a2200000 4500 |
| 001 |
598964 |
| 005 |
20240123110444.0 |
| 029 |
1 |
0 |
|a RU
|b 1766497
|c А. с.
|d МПК B 01 J 23/10
|d МПК B 01 J 23/84
|
| 035 |
|
|
|a (RuTPU)RU\TPU\tpu\22772
|
| 035 |
|
|
|a RU\TPU\tpu\22770
|
| 039 |
0 |
|
|a SU
|b 4901885
|c 19910111
|
| 090 |
|
|
|a 598964
|
| 100 |
|
|
|a 20130228j19921007k y0rusy50 ca
|
| 101 |
0 |
|
|a rus
|
| 102 |
|
|
|a RU
|
| 105 |
|
|
|a a k 000zy
|
| 200 |
1 |
|
|a Катализатор для очистки отходящих газов от окиси углерода, углеводородов и окислов азота
|f С. В. Дозморов [и др.]
|g Омский научно-технический филиал республиканского инженерно-технического центра СО АН СССР
|
| 300 |
|
|
|a опубл. 07.10.92
|
| 333 |
|
|
|a В фонде НТБ ТПУ отсутствует
|
| 610 |
1 |
|
|a труды учёных ТПУ
|
| 610 |
1 |
|
|a авторские свидетельства
|
| 701 |
|
1 |
|a Дозморов
|b С. В.
|
| 701 |
|
1 |
|a Ременников
|b Б. В.
|
| 701 |
|
1 |
|a Пестряков
|b А. Н.
|c химик
|c профессор Томского политехнического университета, доктор химических наук
|f 1963-
|g Алексей Николаевич
|3 (RuTPU)RU\TPU\pers\27694
|4 070
|9 12768
|
| 701 |
|
1 |
|a Чухарев
|b С. И.
|
| 712 |
0 |
2 |
|a Омский научно-технический филиал республиканского инженерно-технического центра СО АН СССР
|
| 801 |
|
1 |
|a RU
|b 63413507
|c 20120214
|
| 801 |
|
2 |
|a RU
|b 63413507
|c 20130228
|g RCR
|
| 942 |
|
|
|c BK
|